| 000 | 00356 a2200157 4500 | ||
|---|---|---|---|
| 003 | OSt | ||
| 005 | 20180116182712.0 | ||
| 008 | 160502b xxu||||| |||| 00| 0 eng d | ||
| 020 | _a9788131731567 | ||
| 040 | _c0 | ||
| 100 | _aLeon G. | ||
| 245 | _aConsum er behavior. | ||
| 250 | _a10 | ||
| 260 |
_aNew Dehli _c2010 |
||
| 942 |
_aNBS _cBK _k658.842 SCH _2ddc |
||
| 999 |
_c344432 _d344432 |
||